Statystyki dla Piłkarska kariera Harrego Kane'a.

Kliknij tutaj aby rozwiązać quiz!

Ogólne statystyki

  • Ten quiz został rozwiązany 71 razy
  • Średni wynik to 6 z 9

Statystyki odpowiedzi

LataDrużyna% Poprawnych
2011-2011Tottenham
100%
2011-2012Tottenham
100%
2012-2012Tottenham
100%
2013-2013Tottenham
100%
2013-?Tottenham
100%
2013-2013Leicester
48%
2012-2013Norwich
35%
2011-2011Leyton Orient
13%
2012-2012Millwall
13%

Rozkład punktacji

Percentyl według liczby udzielonych odpowiedzi

Procent ludzi z każdym wynikiem

Twoja historia wyników

Nie rozwiązałeś tego quizu